[Event "BCF-ch Seniors 65"]
[Site "Hull"]
[Date "2018.08.03"]
[Round "6"]
[White "Phillips, William"]
[Black "Downham, Alan"]
[Result "1/2-1/2"]
[WhiteElo "1862"]
[BlackElo "1990"]
[PlyCount "23"]
[EventDate "2018.07.29"]
[EventType "swiss"]
[EventRounds "7"]
[EventCountry "ENG"]
[SourceTitle "EXT 2021"]
[Source "ChessBase"]
[SourceDate "2020.10.23"]
[SourceVersion "1"]
[SourceVersionDate "2020.10.23"]
[SourceQuality "1"]

1. e4 g6 2. d4 Bg7 3. Nf3 c5 4. c3 cxd4 5. cxd4 d6 6. Bb5+ Bd7 7. Bxd7+ Nxd7 8. 0-0 Ngf6 9. Nc3 Qb6 10. Qe2 0-0 11. Rd1 e5 12. dxe5 1/2-1/2

[Event "BCF-ch Seniors 65"]
[Site "Hull"]
[Date "2018.08.01"]
[Round "4"]
[White "Downham, Alan"]
[Black "Harvey, Derek"]
[Result "1-0"]
[WhiteElo "1990"]
[BlackElo "1577"]
[PlyCount "71"]
[EventDate "2018.07.29"]
[EventType "swiss"]
[EventRounds "7"]
[EventCountry "ENG"]
[SourceTitle "CBM 185 Extra"]
[Source "ChessBase"]
[SourceDate "2018.07.29"]
[SourceVersion "1"]
[SourceVersionDate "2018.07.29"]
[SourceQuality "1"]

1. c4 d5 2. cxd5 e6 3. dxe6 Bxe6 4. Nc3 Bd6 5. g3 Qd7 6. Bg2 Nc6 7. d4 Bf5 8. e4 Bg6 9. Qa4 Bb4 10. Nge2 Bxc3+ 11. bxc3 Nf6 12. f3 0-0 13. 0-0 a6 14. d5 Ne5 15. Qxd7 Nexd7 16. c4 b6 17. Nd4 Ne5 18. Ba3 Rfe8 19. Rac1 Nfd7 20. Rc3 Rab8 21. f4 Ng4 22. Nc6 Rbc8 23. h3 Nh6 24. Ne7+ Rxe7 25. Bxe7 f6 26. c5 Re8 27. cxb6 cxb6 28. Ba3 Bxe4 29. Rc7 Bxg2 30. Kxg2 Re2+ 31. Rf2 Re3 32. Bc1 Re7 33. d6 Rf7 34. g4 Nc5 35. Re2 Rd7 36. Ba3 1-0

[Event "BCF-ch Seniors 65"]
[Site "Bournemouth"]
[Date "2016.07.29"]
[Round "6"]
[White "Downham, Alan"]
[Black "Reuben, Stewart"]
[Result "0-1"]
[WhiteElo "1990"]
[BlackElo "2033"]
[PlyCount "94"]
[EventDate "2016.07.24"]
[EventType "swiss"]
[EventRounds "7"]
[EventCountry "ENG"]
[SourceTitle "CBM 173 Extra"]
[Source "ChessBase"]
[SourceDate "2016.08.29"]
[SourceVersion "1"]
[SourceVersionDate "2016.08.29"]
[SourceQuality "1"]

1. c4 c5 2. Nc3 Nc6 3. g3 g6 4. Bg2 Bg7 5. d3 e6 6. e4 Nge7 7. Nge2 a6 8. Be3 Nd4 9. Rc1 Nec6 10. Qd2 h5 11. h3 Rb8 12. f4 d6 13. Bxd4 Nxd4 14. Nxd4 cxd4 15. Ne2 Bd7 16. 0-0 0-0 17. Qe1 a5 18. g4 hxg4 19. hxg4 e5 20. Rc2 Bxg4 21. Qg3 Bxe2 22. Rxe2 exf4 23. Qxf4 Qe7 24. Bf3 Be5 25. Qh6 Qf6 26. Rg2 Qf4 27. Qxf4 Bxf4 28. Bg4 Be3+ 29. Kh2 Kg7 30. Kg3 b5 31. cxb5 Rxb5 32. Bd7 Rc5 33. Ba4 Rb8 34. Bb3 f6 35. Rh2 g5 36. Kg4 Bf4 37. Rh3 Rc1 38. Rxc1 Bxc1 39. Rh2 Rc8 40. Bd5 Bf4 41. Rg2 Kg6 42. Be6 Rc1 43. b3 Rd1 44. Bc4 Rf1 45. Bb5 Be5 46. Rc2 Rf4+ 47. Kh3 Rh4+ 0-1

[Event "BCF-chT3 1415 (4NCL)"]
[Site "England"]
[Date "2015.03.21"]
[Round "8.99"]
[White "Downham, Alan"]
[Black "Nezis, Anastasios"]
[Result "0-1"]
[WhiteElo "1996"]
[BlackElo "1915"]
[PlyCount "82"]
[EventDate "2015.03.21"]
[EventType "team-swiss"]
[EventRounds "11"]
[EventCountry "ENG"]
[SourceTitle "EXT 2016"]
[Source "ChessBase"]
[SourceDate "2015.10.08"]
[SourceVersion "1"]
[SourceVersionDate "2015.10.08"]
[SourceQuality "1"]
[WhiteTeam "Iceni"]
[BlackTeam "Jorvik"]
[WhiteTeamCountry "ENG"]
[BlackTeamCountry "ENG"]

1. c4 d6 2. g3 e5 3. Bg2 f5 4. Nc3 Nf6 5. d3 Be7 6. e3 0-0 7. Nge2 c6 8. 0-0 Qe8 9. f4 Na6 10. Rb1 Bd7 11. b4 Nc7 12. a4 Qh5 13. Bd2 Ng4 14. h3 Nf6 15. Nc1 Qg6 16. Be1 Nh5 17. Kh2 Qh6 18. Qe2 Rae8 19. Qf2 Nf6 20. Kg1 e4 21. dxe4 Nxe4 22. Nxe4 fxe4 23. g4 d5 24. Qc2 Be6 25. Ne2 dxc4 26. Qxe4 Bd5 27. Qc2 Qe6 28. f5 Qxe3+ 29. Bf2 Qd3 30. Qxd3 cxd3 31. Bxd5+ Nxd5 32. Nd4 Bxb4 33. Ne6 Rf7 34. Bxa7 d2 35. Bd4 Ra8 36. g5 Rxa4 37. f6 Bc3 38. Bxc3 Nxc3 39. Nd8 Nxb1 40. Nxf7 Kxf7 41. Rxb1 Rb4 0-1

[Event "BCF-ch Seniors"]
[Site "Aberystwyth"]
[Date "2014.07.28"]
[Round "3"]
[White "Downham, Alan"]
[Black "Jackson, Oliver A"]
[Result "1/2-1/2"]
[WhiteElo "1994"]
[BlackElo "2133"]
[PlyCount "76"]
[EventDate "2014.07.26"]
[EventType "swiss"]
[EventRounds "7"]
[EventCountry "WLS"]
[SourceTitle "EXT 2017"]
[Source "ChessBase"]
[SourceDate "2016.10.25"]
[SourceVersion "1"]
[SourceVersionDate "2016.10.25"]
[SourceQuality "1"]

1. e4 c5 2. c4 Nc6 3. g3 g6 4. Bg2 Bg7 5. Ne2 h5 6. h4 d6 7. Nbc3 Ne5 8. 0-0 Bg4 9. f3 Bd7 10. d3 e6 11. Be3 a6 12. Bh3 Ne7 13. Qd2 b5 14. f4 Ng4 15. Bxg4 hxg4 16. Nd1 Bc6 17. Rc1 bxc4 18. Rxc4 d5 19. exd5 Qxd5 20. Kf2 Nf5 21. Bxc5 Qg2+ 22. Ke1 Bb5 23. Rg1 Qd5 24. Ndc3 Qd7 25. Nxb5 axb5 26. Rc1 Rxa2 27. Ba3 Bf8 28. Qc3 Bxa3 29. Qxh8+ Bf8 30. Qc3 Bg7 31. Qc8+ Qxc8 32. Rxc8+ Kd7 33. Rc2 b4 34. Kd2 b3 35. Nc3 Bxc3+ 36. Rxc3 Rxb2+ 37. Kc1 Rf2 38. Rxb3 Nd4 1/2-1/2

[Event "BCF-ch Senior"]
[Site "Torquay"]
[Date "2013.08.09"]
[Round "7.73"]
[White "Downham, Alan"]
[Black "Openshaw, David"]
[Result "1/2-1/2"]
[WhiteElo "2019"]
[BlackElo "1908"]
[PlyCount "56"]
[EventDate "2013.08.03"]
[EventType "swiss"]
[EventRounds "7"]
[EventCountry "ENG"]
[SourceTitle "EXT 2023"]
[Source "ChessBase"]
[SourceDate "2022.10.05"]
[SourceVersion "1"]
[SourceVersionDate "2022.10.05"]
[SourceQuality "1"]

1. c4 c6 2. g3 d5 3. Bg2 Nf6 4. d4 dxc4 5. Na3 Be6 6. Nf3 Bd5 7. 0-0 Nbd7 8. Re1 e6 9. Nc2 Be7 10. Bf4 0-0 11. Bh3 c5 12. Ne5 Nh5 13. e4 Nxf4 14. gxf4 Nxe5 15. dxe5 Bc6 16. Qg4 Bxe4 17. Rxe4 Qd3 18. Re2 b5 19. Bg2 Rab8 20. Be4 Qd7 21. Re3 g6 22. Rd1 Qc7 23. Qg2 Rfd8 24. Ree1 Rxd1 25. Rxd1 Rd8 26. Rxd8+ Qxd8 27. Ne3 Qd4 28. b3 Qa1+ 1/2-1/2

[Event "BCF-ch Senior"]
[Site "Torquay"]
[Date "2013.08.08"]
[Round "6.67"]
[White "Moore, Gerald C"]
[Black "Downham, Alan"]
[Result "1-0"]
[WhiteElo "2237"]
[BlackElo "2019"]
[PlyCount "59"]
[EventDate "2013.08.03"]
[EventType "swiss"]
[EventRounds "7"]
[EventCountry "ENG"]
[SourceTitle "EXT 2023"]
[Source "ChessBase"]
[SourceDate "2022.10.05"]
[SourceVersion "1"]
[SourceVersionDate "2022.10.05"]
[SourceQuality "1"]

1. Nf3 d5 2. c4 c6 3. g3 Nf6 4. Bg2 g6 5. b3 Bg7 6. Bb2 dxc4 7. bxc4 Qb6 8. Bd4 c5 9. Bc3 Nc6 10. 0-0 0-0 11. d3 Qc7 12. Na3 Bg4 13. Rb1 Rab8 14. h3 Bd7 15. Nb5 Qc8 16. Ne5 Bxh3 17. Nxc6 bxc6 18. Nxa7 Rxb1 19. Nxc8 Rxd1 20. Nxe7+ Kh8 21. Rxd1 Bxg2 22. Kxg2 Re8 23. Nxc6 Rxe2 24. a4 Ra2 25. Ra1 Rc2 26. a5 Rxc3 27. a6 Nd7 28. a7 Nb6 29. a8Q+ Nxa8 30. Rxa8+ 1-0

[Event "BCF-chT3S 1213 (4NCL)"]
[Site "England"]
[Date "2013.01.12"]
[Round "3.206"]
[White "Homer, Neil S"]
[Black "Downham, Alan"]
[Result "0-1"]
[WhiteElo "1601"]
[BlackElo "2005"]
[PlyCount "66"]
[EventDate "2012.11.03"]
[EventType "team-swiss"]
[EventRounds "6"]
[EventCountry "ENG"]
[SourceTitle "EXT 2014"]
[Source "ChessBase"]
[SourceDate "2013.11.20"]
[SourceVersion "1"]
[SourceVersionDate "2013.11.20"]
[SourceQuality "1"]
[WhiteTeam "e2e4.org.uk IV"]
[BlackTeam "Iceni"]
[WhiteTeamCountry "ENG"]
[BlackTeamCountry "ENG"]

1. Nf3 d5 2. d4 c6 3. c4 dxc4 4. e3 b5 5. a4 Bb7 6. axb5 cxb5 7. b3 cxb3 8. Bxb5+ Nd7 9. 0-0 e6 10. Nbd2 Ngf6 11. Qxb3 Be7 12. Ne5 Bd5 13. Qa4 a6 14. Bxd7+ Nxd7 15. e4 Bb7 16. Rb1 Ra7 17. Re1 f6 18. Nc6 Bxc6 19. Qxc6 Kf7 20. d5 Nc5 21. dxe6+ Nxe6 22. Rb6 Qd7 23. Qxd7 Rxd7 24. Rxa6 Bb4 25. Ra2 Rhd8 26. Rd1 Nd4 27. Ba3 Ne2+ 28. Kf1 Nc3 29. Bxb4 Nxa2 30. Ba5 Ra8 31. Bb6 Nc3 32. Rc1 Rxd2 33. Be3 Rd1+ 0-1

[Event "BCF-chT3S 1112 (4NCL)"]
[Site "England"]
[Date "2012.02.11"]
[Round "5.5"]
[White "Downham, Alan"]
[Black "Millward, Kevin P"]
[Result "0-1"]
[WhiteElo "2032"]
[BlackElo "1965"]
[PlyCount "122"]
[EventDate "2011.11.12"]
[EventType "team-swiss"]
[EventRounds "6"]
[EventCountry "ENG"]
[SourceTitle "EXT 2013"]
[Source "ChessBase"]
[SourceDate "2012.11.22"]
[SourceVersion "1"]
[SourceVersionDate "2012.11.22"]
[SourceQuality "1"]
[WhiteTeam "Iceni"]
[BlackTeam "Fermented Sharks"]
[WhiteTeamCountry "ENG"]
[BlackTeamCountry "ENG"]

1. c4 g6 2. Nc3 Bg7 3. g3 d6 4. Bg2 e5 5. e4 Ne7 6. Nge2 0-0 7. d3 Be6 8. Be3 c6 9. Qd2 Nd7 10. 0-0 f5 11. Rac1 Nf6 12. Bg5 Qd7 13. b3 Rad8 14. d4 Qc7 15. d5 Bf7 16. f3 Kh8 17. Bh3 Be8 18. Kh1 Nfg8 19. b4 h6 20. Be3 Bd7 21. Bg2 g5 22. c5 Nc8 23. Rcd1 Be8 24. exf5 Rxf5 25. Bh3 Rf8 26. f4 exf4 27. gxf4 cxd5 28. Nxd5 Bc6 29. Bg2 Bxd5 30. Qxd5 dxc5 31. Qxc5 Qxc5 32. Bxc5 Rxd1 33. Rxd1 Re8 34. Bf3 b6 35. Bd4 Bxd4 36. Rxd4 Nf6 37. fxg5 hxg5 38. Ng3 Ne7 39. Kg2 Ng6 40. Kf2 Nf4 41. Ne4 Nxe4+ 42. Bxe4 Kg7 43. Kf3 Re7 44. Kg4 Kf6 45. Bf5 Re2 46. Rd6+ Ke5 47. Rd8 Rg2+ 48. Kf3 Kxf5 49. Rf8+ Ke5 50. Rxf4 Rxh2 51. Rg4 Kf5 52. Rd4 Rxa2 53. Rd5+ Kg6 54. Kg4 Rg2+ 55. Kf3 Rg1 56. b5 Rb1 57. Rd6+ Kh5 58. Rd7 Rb3+ 59. Kg2 Ra3 60. Rd4 Ra5 61. Rb4 g4 0-1

[Event "BCF-chT3 1011 (4NCL)"]
[Site "England"]
[Date "2010.11.06"]
[Round "1.50"]
[White "Downham, Alan"]
[Black "Calvert, David Ian"]
[Result "1-0"]
[WhiteElo "2024"]
[BlackElo "1988"]
[PlyCount "81"]
[EventDate "2010.11.06"]
[EventType "team-swiss"]
[EventRounds "9"]
[EventCountry "ENG"]
[SourceTitle "CBM 139 Extra"]
[Source "ChessBase"]
[SourceDate "2011.01.05"]
[SourceVersion "1"]
[SourceVersionDate "2011.01.05"]
[SourceQuality "1"]
[WhiteTeam "Iceni"]
[BlackTeam "Metropolitan"]
[WhiteTeamCountry "ENG"]
[BlackTeamCountry "ENG"]

1. c4 c6 2. g3 d5 3. Bg2 Nf6 4. Nf3 g6 5. d4 Bg7 6. 0-0 0-0 7. Nc3 dxc4 8. Ne5 Ng4 9. Nf3 Nf6 10. e4 Nbd7 11. Bf4 Nb6 12. Qd2 Be6 13. Rad1 Qc8 14. a4 a5 15. Be3 Ra6 16. Bh6 Bh3 17. Bxg7 Kxg7 18. Ne5 Bxg2 19. Kxg2 e6 20. Qe2 c5 21. Nxc4 Nxc4 22. Qxc4 cxd4 23. Qxd4 Rc6 24. Rfe1 Rc4 25. Qd2 Qc6 26. f3 Rc8 27. Re2 e5 28. Qe3 Nd7 29. Red2 Nc5 30. Rd6 Qe8 31. Qg5 Nxa4 32. Qf6+ Kh6 33. Qh4+ Kg7 34. Qf6+ Kh6 35. R1d5 Nxc3 36. Rxe5 Qxe5 37. Qxe5 Na4 38. b3 Rc2+ 39. Kh3 Nc5 40. g4 Ne6 41. Rxe6 1-0

[Event "BCF-chT3 0910 (4NCL)"]
[Site "England"]
[Date "2010.05.01"]
[Round "9.5"]
[White "Meade, Philip J"]
[Black "Downham, Alan"]
[Result "1/2-1/2"]
[WhiteElo "1960"]
[BlackElo "2028"]
[PlyCount "44"]
[EventDate "2009.10.24"]
[EventType "team-tourn"]
[EventRounds "11"]
[EventCountry "ENG"]
[SourceTitle "EXT 2011"]
[Source "ChessBase"]
[SourceDate "2010.11.26"]
[SourceVersion "1"]
[SourceVersionDate "2010.11.26"]
[SourceQuality "1"]
[WhiteTeam "Gloucestershire. Gambits"]
[BlackTeam "Iceni"]
[WhiteTeamCountry "ENG"]
[BlackTeamCountry "ENG"]

1. e4 c5 2. Nf3 Nc6 3. Bb5 g6 4. 0-0 Bg7 5. Re1 e5 6. Bxc6 dxc6 7. d3 Qe7 8. Nbd2 Be6 9. b3 Nh6 10. Bb2 f6 11. a4 0-0 12. Nc4 b6 13. Qe2 Rfd8 14. h3 Nf7 15. c3 Rac8 16. d4 cxd4 17. cxd4 exd4 18. Nxd4 Bxc4 19. Qxc4 Rd6 20. Rac1 Kh8 21. Nf3 Re6 22. Nd4 Rd6 1/2-1/2